| Tag |
First Indicator |
Second Indicator |
Subfields |
| LEADER |
00000cam a2200000 4500 |
| 001 |
in00000041516 |
| 005 |
20151007074602.0 |
| 008 |
751204s1903 nyua 00010 eng |
| 010 |
|
|
|a 03003550
|
| 035 |
|
|
|a (OCoLC)01874764
|
| 035 |
|
|
|9 AAF1766AM
|
| 040 |
|
|
|a DLC
|c DRB
|d TXA
|d UtOrBLW
|
| 049 |
|
|
|a TXAM
|c [388]
|
| 050 |
0 |
0 |
|a TJ985
|b .S26
|
| 092 |
|
|
|a 621.5
|b S215c
|
| 100 |
1 |
|
|a Saunders, William Lawrence,
|d 1865-
|
| 245 |
1 |
0 |
|a Compressed air information ;
|b or, A cyclopedia containing practical papers on the production, transmission and use of compressed air /
|c ed. by W. L. Saunders ...
|
| 264 |
|
1 |
|a New York :
|b "Compressed air",
|c [1903]
|
| 264 |
|
4 |
|c [©1903]
|
| 300 |
|
|
|a 1182 pages :
|b illustrations, diagram ;
|c 22 cm.
|
| 336 |
|
|
|a text
|b txt
|2 rdacontent
|
| 337 |
|
|
|a unmediated
|b n
|2 rdamedia
|
| 338 |
|
|
|a volume
|b nc
|2 rdacarrier
|
| 500 |
|
|
|a Advertising matter: pages 1176-1182.
|
| 650 |
|
0 |
|a Compressed air.
|
| 999 |
|
|
|a MARS
|
| 999 |
f |
f |
|s 0667cf56-0795-357a-b665-dcf1d8b85f8c
|i 415c3d36-62d0-3717-be1c-ea06fd565169
|t 0
|
| 952 |
f |
f |
|p ric
|a Texas A&M University
|b Rellis Campus
|c Joint Library Facility
|d Remote Storage
|t 0
|e TJ985 .S26
|h Library of Congress classification
|i unmediated -- volume
|m A14801040953
|
| 998 |
f |
f |
|a TJ985 .S26
|t 0
|l Remote Storage
|